Phân tích thị hiếu tiêu dùng và các giải pháp phát triển thị trường gạo tại TP.Cần Thơ : Luận văn thạc sĩ kinh tế. Ngành Quản trị kinh doanh
Nội dung luận văn mô tả và phân tích thực trạng lựa chọn sử dụng gạo; so sánh và phân tích các yếu tố tác động đến sự lựa chọn gạo đóng gói và gạo không đóng gói (gạo xá) của người tiêu dùng tại thành phố Cần Thơ....
Đã lưu trong:
| 主要作者: | |
|---|---|
| 格式: | 图书 |
| 语言: | Undetermined |
| 出版: |
Cần Thơ
Đại học Cần Thơ
2014
|
| 主题: | |
| 标签: |
添加标签
没有标签, 成为第一个标记此记录!
|
| Thư viện lưu trữ: | Trung tâm Học liệu Trường Đại học Cần Thơ |
|---|
| LEADER | 01173nam a2200229Ia 4500 | ||
|---|---|---|---|
| 001 | CTU_188895 | ||
| 008 | 210402s9999 xx 000 0 und d | ||
| 082 | |a 658.8 | ||
| 082 | |b H407 | ||
| 088 | |a 603850 | ||
| 100 | |a Lê, Cảnh Hoàng | ||
| 245 | 0 | |a Phân tích thị hiếu tiêu dùng và các giải pháp phát triển thị trường gạo tại TP.Cần Thơ : | |
| 245 | 0 | |b Luận văn thạc sĩ kinh tế. Ngành Quản trị kinh doanh | |
| 245 | 0 | |c Lê Cảnh Hoàng ; Đỗ Văn Xê (Người hướng dẫn) | |
| 260 | |a Cần Thơ | ||
| 260 | |b Đại học Cần Thơ | ||
| 260 | |c 2014 | ||
| 520 | |a Nội dung luận văn mô tả và phân tích thực trạng lựa chọn sử dụng gạo; so sánh và phân tích các yếu tố tác động đến sự lựa chọn gạo đóng gói và gạo không đóng gói (gạo xá) của người tiêu dùng tại thành phố Cần Thơ. | ||
| 650 | |a Gạo | ||
| 650 | |x Thị hiếu tiêu dùng | ||
| 904 | |i Qhieu, Thanh Thuý | ||
| 980 | |a Trung tâm Học liệu Trường Đại học Cần Thơ | ||